| 000 | 01000nam a2200277 i 4500 | ||
|---|---|---|---|
| 001 | 9599 | ||
| 003 | ES-MaACL | ||
| 005 | 20230906145722.0 | ||
| 007 | t| | ||
| 008 | 931111s1993 sp ||||1| spa d | ||
| 020 | _a84-7947-069-0 | ||
| 080 | _a7 Arencibia, Jesús G. | ||
| 080 | _a75(46)"1911/1993" Arencibia, Jesús G. | ||
| 100 | 1 |
_aArencibia, Jesús G. _922610 |
|
| 245 | 1 | 0 |
_aArencibia / _cJesús González Arencibia ; [estudio crítico de] Pedro Almeida Cabrera. |
| 260 |
_a[Santa Cruz de Tenerife] : _bViceconsejería de Cultura y Deportes, _c[1993] |
||
| 300 |
_a147 p. : _bil. col. y n. ; _c28 cm. |
||
| 490 | 1 |
_aBiblioteca de artistas canarios ; _v20 |
|
| 504 | _aBibliografía: p. 140-143. | ||
| 600 | 1 | 4 |
_aArencibia, Jesús G. _922610 |
| 700 | 1 |
_aAlmeida Cabrera, Pedro. _920120 |
|
| 710 | 1 |
_aCanarias. _bViceconsejería de Cultura y Deportes. _92427 |
|
| 830 | 0 |
_aBiblioteca de artistas canarios ; _v20 _9178553 |
|
| 852 |
_aES-MaACL _jL-17182 _bR.122072 |
||
| 999 |
_c9599 _d9599 |
||